[Event "Top 12 FRA-chT 2017"]
[Site "Chartres"]
[Date "2017.05.23"]
[Round "6"]
[White "Sharif, Mehrshad"]
[Black "Nezar, Mustapha"]
[Result "1-0"]
[WhiteElo "2363"]
[BlackElo "2354"]
[Annotator "TA"]
[PlyCount "78"]
[EventDate "2017.??.??"]
[EventType "team-tourn"]
[EventCountry "FRA"]
[SourceTitle "playchess.com"]
[Source "ChessBase"]
[SourceQuality "1"]
[WhiteTeam "Strasbourg"]
[BlackTeam "Vandoeuvre"]

{[%evp 18,78,102,88,89,74,97,87,104,93,122,73,75,0,118,118,118,117,118,118,116,116,120,119,125,113,105,89,169,172,171,165,172,162,153,162,177,112,112,110,111,112,118,89,82,82,89,73,76,77,80,81,80,83,87,87,120,93,490,498,480,459,427]} 1. Nf3 Nf6 2. g3 c5 3. Bg2 d5 4. O-O Nc6 5. d4 e6 6. c4 dxc4 7. Ne5 Nxe5 8. dxe5 Qxd1 9. Rxd1 Nd7 10. f4 {[%mdl 1024] LiveBook: 19 Games. White has strong compensation.} Nb6 {E04: Open Catalan: 5 Nf3} (10... Rb8 11. a4 a6 12. Na3 Nb6 13. a5 Nd5 14. Nxc4 b5 15. axb6 Nxb6 16. Bc6+ Ke7 17. Be3 Nd7 18. Nd6 {1-0 (18) Stupak,K (2568)-Kalinina,O (2281) Lutsk 2015}) 11. a4 a5 $146 ({Predecessor:} 11... Nd5 12. Na3 Bd7 13. Nxc4 Bc6 14. Na5 Be7 15. Bd2 O-O 16. Rdc1 Rfc8 17. Be1 Rab8 18. Bf2 {0-1 (40) Phiri,R (2149)-Bwalya,G (2225) Lusaka 2012}) 12. Nc3 Be7 {White is better.} 13. Be3 O-O 14. Rd2 Rb8 15. Ne4 (15. Rad1 $16) 15... Nd5 (15... c3 $1 $11 16. bxc3 Nc4) 16. Bxc5 $16 Bxc5+ 17. Nxc5 b6 18. Ne4 Ba6 19. Nd6 Nb4 20. Rad1 Rfd8 21. Bf1 Kf8 22. e4 Nd3 (22... b5 $16) 23. Bxd3 $18 cxd3 24. Rc1 Rd7 25. Rc6 Ke7 26. Kf2 f6 27. exf6+ ({White should play} 27. Ke3 $18) 27... gxf6 $16 28. e5 fxe5 29. fxe5 Kd8 30. Ke3 Rc7 31. Rxc7 Kxc7 {[%mdl 4096] Endgame KRB-KRN} 32. Nb5+ Kc6 33. Rxd3 {[#] Strongly threatening Rc3+.} Bxb5 {KRB-KR} 34. Rd6+ Kc5 35. axb5 Re8 {[#]} 36. g4 $1 h6 37. h4 Rg8 $2 {[%mdl 8192]} (37... a4 $16) 38. Kf4 $18 Rf8+ 39. Kg3 Re8 {Precision: White = 76%, Black = 48%.} 1-0

[Event "Top 12 FRA-chT 2017"]
[Site "Chartres"]
[Date "2017.05.23"]
[Round "6"]
[White "Godard, Maxence"]
[Black "Flear, Glenn C"]
[Result "0-1"]
[WhiteElo "2329"]
[BlackElo "2439"]
[Annotator "TA"]
[PlyCount "62"]
[EventDate "2017.??.??"]
[EventType "team-tourn"]
[EventCountry "FRA"]
[SourceTitle "playchess.com"]
[Source "ChessBase"]
[SourceQuality "1"]
[WhiteTeam "Lisieux"]
[BlackTeam "Montpellier"]

{[%evp 17,62,10,21,0,1,3,8,11,16,8,22,0,9,7,22,4,7,7,10,5,7,0,0,0,0,0,0,0,0,0,0,0,0,0,0,-67,-25,-29,0,-8,0,-174,-194,-192,-189,-423,-407]} 1. d4 d5 2. Nf3 Nf6 3. c4 e6 4. Nc3 c6 5. e3 Nbd7 6. Qc2 b6 7. Be2 Bb7 8. O-O Be7 9. b3 O-O 10. a4 $146 {D45: Semi-Slav: 5 e3} ({Predecessor:} 10. Bb2 Rc8 11. Rad1 Qc7 12. e4 Nxe4 13. Nxe4 dxe4 14. Qxe4 c5 15. Qb1 Rfd8 16. Rfe1 Nf6 17. h3 h6 18. dxc5 Bxc5 19. Be5 {0-1 (52) Xu,Y (2463)-Le,Q (2699) Al Ain 2015}) 10... a5 11. Rd1 Qc7 12. Bb2 {The position is equal.} Rad8 13. Bd3 h6 14. h3 Qb8 15. cxd5 cxd5 16. Nb5 Rc8 17. Qe2 Ne4 18. Rac1 Bb4 19. Rxc8 (19. Bxe4 {seems wilder.} dxe4 20. Nd2 Rxc1 21. Rxc1 Rc8 22. Nc4) 19... Rxc8 20. Rc1 Rxc1+ 21. Bxc1 Qc8 22. Bb2 Nd6 23. Nxd6 Bxd6 24. Bb5 Nf6 {[%cal Bd7f6,Bf6e4,Be4c5][%mdl 32]} 25. Ne5 Ne4 26. Bd7 ({White should try} 26. Qd3 $11) 26... Qc7 {[#] Hoping for ...Bxe5.} 27. Be8 Bxe5 28. dxe5 Ba6 29. Bb5 $2 (29. Qxa6 $11 {and White stays safe.} Qc2 30. Qb7 (30. f3 $2 Qf2+ 31. Kh2 Nd2 $19) 30... Qxf2+ 31. Kh1) 29... Bxb5 $19 30. axb5 Nc5 31. Ba3 $2 {[#]} (31. Qd2) 31... Nxb3 {Precision: White = 30%, Black = 71%.} 0-1

[Event "Top 12 FRA-chT 2017"]
[Site "Chartres"]
[Date "2017.05.23"]
[Round "6"]
[White "Guichard, Pauline"]
[Black "Baldi, Valentine"]
[Result "1-0"]
[WhiteElo "2312"]
[BlackElo "1862"]
[Annotator "TA"]
[PlyCount "51"]
[EventDate "2017.??.??"]
[EventType "team-tourn"]
[EventCountry "FRA"]
[SourceTitle "playchess.com"]
[Source "ChessBase"]
[SourceQuality "1"]
[WhiteTeam "Clichy"]
[BlackTeam "Bois-Colombes"]

{[%evp 11,51,22,33,29,47,-15,12,-23,33,11,39,0,0,0,0,0,7,3,8,11,11,10,28,0,16,-41,53,56,163,182,174,173,170,-189,293,300,269,282,684,679,29996,29997]} 1. d4 d5 2. c4 dxc4 3. e3 Nf6 4. Bxc4 e6 5. Nf3 c5 6. O-O Nc6 7. Re1 {D26: Queen's Gambit Accepted: 4 e3 e6 5 Bxc5 c5 sidelines} (7. Nc3 a6 8. dxc5 Bxc5 9. Qxd8+ Kxd8 10. b3 b5 11. Be2 Bb7 12. Bb2 Ke7 13. Rac1 Bd6 14. Rfd1 Rhd8 15. Ng5 Ne5 16. Rxd6 Rxd6 17. Ba3 Ne8 {1-0 (51) Adhiban,B (2666)-Ivanchuk,V (2747) Doha 2016}) 7... Be7 8. e4 $146 (8. dxc5 $14 O-O 9. a3) ({Predecessor:} 8. Nc3 O-O 9. a3 a6 10. Ba2 b5 11. d5 exd5 12. Nxd5 Bg4 13. h3 Bh5 14. e4 Re8 15. Bf4 Rc8 16. Nxe7+ Nxe7 {½-½ (133) Kosteniuk,A (2532)-Danielian,E (2460) Lopota 2014}) 8... O-O {[%cal Rc5d4]} 9. e5 {The position is equal.} Nd5 (9... Nd7 $11) 10. Nc3 Nxd4 11. Nxd4 (11. Bxd5 $5 exd5 12. Nxd4 cxd4 13. Qxd4 $11) 11... cxd4 12. Qxd4 {[%cal Rc3d5]} Nxc3 13. Qxc3 Bd7 14. Qg3 {And now Bh6 would win.} Re8 15. Bh6 {[%csl Gh6][%cal Rg3g7]} g6 16. Rad1 $36 {[%mdl 2048] White fights for an advantage.} Qc7 17. Rd4 Bc6 18. Rf4 (18. h4 $11) 18... Bd5 ({Black should play} 18... Qa5 $15 19. Rf1 Rac8) 19. Bxd5 $1 $14 {Hoping for Bb3.} exd5 {[#]} (19... Qa5 $14 20. Rc1 Qxd5) 20. Rxf7 $1 $18 {[%mdl 512]} Qa5 {[%cal Ra5e1]} (20... Kxf7 21. e6+) 21. Rg7+ Kh8 {[%cal Ra5e1]} 22. Re3 $4 {[%mdl 8192]} (22. Rd1 $18 {aiming for Qf4.} Bf8 23. Bd2) 22... Bf8 $4 {[%mdl 8192] [#]} (22... Qd2 $19 {and life is good for Black. ( -> ...Qd1+)} 23. h3 d4) 23. Rxg6 $1 hxg6 24. Qxg6 {White wants to mate with Bxf8.} ({Worse is} 24. Bxf8 Rac8 $15) 24... Qb6 $2 {[#]} ({Weaker is} 24... Qxa2 25. Rh3 Rxe5 26. Bxf8+ Rh5 27. Rxh5#) (24... Qd2 25. h4 Qc1+ 26. Kh2 Qc6) 25. e6 $1 {White threatens Bxf8 and mate.} Qxb2 {...Qc1+ is the strong threat.} 26. Rh3 {Precision: White = 33%, Black = 13%.} 1-0

[Event "Top 12 FRA-chT 2017"]
[Site "Chartres"]
[Date "2017.05.23"]
[Round "6"]
[White "Touzane, Olivier"]
[Black "Barbini, Denis"]
[Result "1-0"]
[WhiteElo "2277"]
[BlackElo "2101"]
[Annotator "TA"]
[PlyCount "125"]
[EventDate "2017.??.??"]
[EventType "team-tourn"]
[EventCountry "FRA"]
[SourceTitle "playchess.com"]
[Source "ChessBase"]
[SourceQuality "1"]
[WhiteTeam "Montpellier"]
[BlackTeam "Lisieux"]

{[%evp 12,125,0,5,0,0,11,0,0,0,0,0,0,0,0,0,0,-15,0,0,27,34,18,17,28,18,18,12,67,8,16,15,18,8,75,82,69,84,126,131,134,125,182,77,113,94,122,94,130,131,158,137,134,90,94,0,0,-4,-11,-127,88,83,83,83,85,83,91,81,91,28,150,159,136,103,599,572,659,652,652,562,837,630,1341,635,1664,1442,2502,993,1097,1093,908,652,655,655,687,650,650,650,908,908,1037,420,12836,11788,12837,12837,12837,12156,5385,5310,29989,8872,29991,29992,29992,29993]} 1. Nf3 d5 2. g3 c6 3. Bg2 Bg4 4. O-O Nd7 5. d3 e5 6. h3 {A07: Réti Opening: New York and Capablanca Systems} (6. Qe1 Ngf6 7. e4 dxe4 8. dxe4 Be7 9. Nbd2 O-O 10. h3 Bh5 11. Nc4 Qc7 12. a4 Rfe8 13. Nh4 Nc5 14. a5 Nfd7 15. Nf5 Bf8 16. b4 {0-1 (55) Piorun,K (2609)-Rublevsky,S (2702) Berlin 2015}) 6... Bxf3 7. Bxf3 {LiveBook: 5 Games} Bc5 8. e4 {The position is equal.} dxe4 9. Bxe4 $146 ({Predecessor:} 9. dxe4 Ne7 10. Nd2 O-O 11. a4 a5 12. Nc4 Qc7 13. Bd2 {½-½ (27) Berczes,D (2501)-Cornejo,M (2381) Richardson 2014}) 9... Ne7 10. Nd2 O-O 11. Bg2 Qc7 12. a4 a5 13. Nb3 Bb6 14. d4 Rad8 15. c3 Nc5 16. Nxc5 Bxc5 17. Qh5 $1 Bd6 18. dxe5 Bxe5 19. Re1 Bf6 (19... Bd6 $11) 20. Be3 ({White should try} 20. Be4 $14 Ng6 21. Be3) 20... Nd5 $11 21. Bc5 $40 {[%mdl 128] White attacks.} Rfe8 22. Bxd5 Rxe1+ (22... cxd5 $11 23. Rxe8+ Rxe8 24. Qxd5 Re5) 23. Rxe1 $16 cxd5 24. Qxd5 g6 {[#] ...Bxc3 is the strong threat.} 25. Qf3 Kg7 26. Be3 Qd7 (26... Rd7 $16 {was called for.} 27. h4 Qd8) 27. Qg4 (27. Bh6+ $1 $18 {has better winning chances.} Kxh6 28. Qxf6) 27... Qd3 28. h4 Rd5 29. Qf3 Qc4 30. Bf4 b5 31. Re4 Qc6 32. axb5 Rxb5 33. Qe3 (33. Bc1 $16) 33... h5 $11 34. Bh6+ Kh7 35. Bf8 (35. Bg5 $11 {remains equal.}) 35... Bg7 $2 (35... Rxb2 $17 {aiming for ...Rb8.} 36. Kh2 Bxc3) 36. Ba3 Rd5 37. Qf3 {Strongly threatening Rf4.} Rf5 38. Qe2 Bf6 39. c4 Qb7 40. c5 (40. f3 $16 {Hoping for g4.} Qb8 41. f4) 40... Rd5 (40... Qd5 $1 $11) 41. Rf4 Be5 {[#]} 42. c6 $1 {[%mdl 512]} Qc7 $2 {[%mdl 8192]} (42... Qxc6 $16 43. Rxf7+ Bg7) 43. Qf3 $1 $18 {[%csl LRd5,LRf7]} Bxf4 44. Qxd5 Be5 45. Kg2 Kg7 46. b3 Bf6 47. Bc5 (47. Bd6 $142 Qc8 48. c7) 47... Be5 48. Qd7 Qb8 49. Qe7 (49. Bd4 $142 Qb5 50. Kg1) 49... Qc7 50. Qe8 Bf6 51. Bf8+ Kh7 52. f4 Bd4 53. Be7 Bg7 54. Bc5 Bf6 55. Kf3 Bg7 56. Ke4 (56. Qd7 $142 Qb8 57. Qb7) 56... f5+ (56... a4 $142) 57. Kd5 a4 58. bxa4 Qa5 59. Qd7 Qxa4 60. Kd6 Kh6 61. Ke6 (61. c7 $142 Qa6+ 62. Ke7 Qf6+ 63. Ke8 Qa6 64. c8=Q Qa1 65. Qe6 Bh8 66. Qcc6) 61... Qe4+ 62. Kf7 Qc4+ 63. Qe6 {Precision: White = 50%, Black = 34%.} 1-0

[Event "Top 12 FRA-chT 2017"]
[Site "Chartres"]
[Date "2017.05.23"]
[Round "6"]
[White "Iglesias, Joachim"]
[Black "Heinz, Timothee"]
[Result "1/2-1/2"]
[WhiteElo "2258"]
[BlackElo "2353"]
[Annotator "TA"]
[PlyCount "98"]
[EventDate "2017.??.??"]
[EventType "team-tourn"]
[EventCountry "FRA"]
[SourceTitle "playchess.com"]
[Source "ChessBase"]
[SourceQuality "1"]
[WhiteTeam "Vandoeuvre"]
[BlackTeam "Strasbourg"]

{[%evp 19,98,0,0,10,16,25,80,70,81,81,113,109,117,108,107,121,128,120,119,45,36,38,38,25,22,22,29,0,16,12,12,8,58,0,0,0,0,0,0,0,0,-108,-99,-90,-27,-29,0,-12,27,27,25,8,48,50,17,0,23,0,0,-43,0,0,105,120,111,100,98,29,25,8,60,0,72,77,93,0,0,0,86,0,0]} 1. d4 Nf6 2. Nf3 e6 3. e3 b6 4. Bd3 Bb7 5. O-O Be7 6. c4 O-O 7. Nc3 d5 8. cxd5 Nxd5 9. e4 Nxc3 10. bxc3 c5 {LiveBook: 11 Games} 11. Bb2 {E14: Queen's Indian: Classical Variation (4 e3)} Qc8 12. Qe2 $146 ({Predecessor:} 12. Re1 Rd8 13. Rc1 Ba6 14. Bb1 Nc6 15. h4 e5 16. d5 Bf6 17. Rc2 Na5 18. Bc1 h6 {0-1 (51) Kovalenko,I (2700)-Fedoseev,V (2659) Berlin 2015}) 12... Rd8 (12... Ba6 $11) 13. d5 $16 {White is better.} exd5 14. exd5 Bf6 15. c4 Nd7 16. Qe4 g6 17. Bxf6 Nxf6 18. Qe7 Ne8 19. Ne5 (19. Qh4 $16) 19... Qc7 $14 20. Qxc7 Nxc7 21. a4 Na6 22. Rfd1 Nb4 23. Rd2 f6 24. Ng4 Kg7 25. Bf1 Re8 26. Ne3 (26. a5 $1 $14) 26... a5 $1 $11 27. g3 {[%cal Bg2g3,Bg3g4][%mdl 32]} Kf7 28. Bh3 f5 29. Bg2 Rad8 30. d6 {[#]} (30. Re2 $11) 30... Bxg2 $1 $17 31. Kxg2 Ke6 (31... Re4 $17 32. Rad1 Rd7) 32. g4 $1 $11 Rxd6 33. gxf5+ Ke7 34. Rxd6 Kxd6 {[%mdl 4096] Endgame KRN-KRN} 35. Rd1+ Kc7 36. fxg6 hxg6 37. Kf3 Nc6 38. Nd5+ Kb7 39. Rc1 Rf8+ 40. Kg3 Ne5 {[#]} (40... Nb4 $11 {keeps the balance.}) 41. f4 $1 $16 {[%cal Rf4e5]} Nd3 42. Rb1 Nb4 43. Rd1 (43. Ne7 $16) 43... Re8 $11 44. Kf3 (44. Nf6 $5 {[%cal Rf6e8]} Re6 45. Ng4 $11) 44... Nc2 (44... Nxd5 $11 45. cxd5 b5) 45. Rb1 (45. h4 $14) 45... Re6 (45... Nb4 $1 $11 {remains equal.}) 46. h4 $16 Rd6 47. Ke4 Re6+ 48. Kf3 Rd6 $1 49. Ke4 (49. Rh1 $16) 49... Re6+ {Precision: White = 45%, Black = 53%.} 1/2-1/2

[Event "Top 12 FRA-chT 2017"]
[Site "Chartres"]
[Date "2017.05.23"]
[Round "6"]
[White "Dubois, Jean-Marie"]
[Black "Marchadour, Emilie"]
[Result "0-1"]
[WhiteElo "2255"]
[BlackElo "2097"]
[Annotator "TA"]
[PlyCount "64"]
[EventDate "2017.??.??"]
[EventType "team-tourn"]
[EventCountry "FRA"]
[SourceTitle "playchess.com"]
[Source "ChessBase"]
[SourceQuality "1"]
[WhiteTeam "Montpellier"]
[BlackTeam "Lisieux"]

{[%evp 17,64,31,46,17,42,19,27,0,0,-4,8,-17,-10,4,12,-31,-21,-52,-47,-112,-95,-99,-75,-110,-100,-103,-106,-106,-101,-142,-144,-152,-142,-155,-132,-133,-132,-135,-125,-160,-107,-112,-82,-226,-122,-338,-336,-322,-318]} 1. d4 Nf6 2. c4 c5 3. d5 b5 4. cxb5 a6 5. b6 d6 6. Nc3 Nbd7 7. e4 g6 8. Nf3 Bg7 9. Be2 O-O 10. a4 {a5 is the strong threat. A57: Benko/Volga Gambit} (10. O-O Rb8 11. Nd2 Nxb6 12. a4 Nfd7 13. Qc2 Bb7 14. h3 a5 15. Rd1 Rc8 16. b3 f5 17. Bb2 fxe4 18. Ndxe4 {½-½ (88) Radjabov,T (2788)-Andreikin,D (2700) Astana 2012}) 10... a5 11. Bb5 Nxb6 12. Nd2 $146 {White has an edge.} ({Predecessor:} 12. O-O Ba6 {½-½ (12) Szobi,G (2139)-Solymosi,I (2217) Hungary 2003}) 12... Bb7 13. Nc4 Ne8 14. O-O Nxc4 15. Bxc4 Nc7 {[%cal Be8c7,Bc7b5,Bb5d4,Bd4b3][%mdl 32]} 16. Nb5 Qd7 17. Re1 Ba6 $1 {[%cal Rc7b5]} 18. Qe2 (18. Na3 $1 $15) 18... Bxb5 (18... Rfb8 {looks sharper.} 19. Nc3 Bxc4 20. Qxc4 Rb4 21. Qe2 Rab8) 19. axb5 {[#] Strongly threatening b6.} Rfb8 20. Qd2 Nxb5 21. Rxa5 Rxa5 22. Qxa5 Nd4 23. Bd2 Qb7 {Hoping for ...Ra8.} 24. Bg5 h6 $36 {[%mdl 2048] Keeping White busy.} 25. Bc1 Qb4 26. Qxb4 Rxb4 27. Bd3 Nb3 28. Be3 Bxb2 ({Black should try} 28... c4 29. Be2 Bxb2) 29. Bxh6 c4 30. Bb1 (30. Rb1 $17) 30... c3 ({Better is} 30... Bc3 $19 31. Rd1 Nd4) 31. Ba2 $2 {[#]} (31. Be3 $17) 31... c2 $19 32. Bxb3 Rxb3 {Precision: White = 19%, Black = 57%.} 0-1

[Event "Top 12 FRA-chT 2017"]
[Site "Chartres"]
[Date "2017.05.23"]
[Round "6"]
[White "Le Borgne, Pierre"]
[Black "Grollemund, Bertrand"]
[Result "0-1"]
[WhiteElo "2234"]
[BlackElo "2182"]
[Annotator "NA RC"]
[PlyCount "72"]
[EventDate "2017.??.??"]
[EventType "team-tourn"]
[EventCountry "FRA"]
[SourceTitle "playchess.com"]
[Source "ChessBase"]
[SourceQuality "1"]
[WhiteTeam "Lisieux"]
[BlackTeam "Montpellier"]
[TimeControl "40/5400+30:1800+30"]

1. e4 {[%emt 0:00:00]} g6 {[%emt 0:03:16]} 2. d4 {[%emt 0:00:00]} Bg7 {[%emt 0:00:07]} 3. Nc3 {[%emt 0:00:06]} d6 {[%emt 0:00:28]} 4. Be3 {[%emt 0:01:09]} a6 {[%emt 0:00:14]} 5. Qd2 {[%emt 0:01:02]} Nd7 {[%emt 0:01:36]} 6. O-O-O {[%emt 0:00:32]} b5 {[%emt 0:00:21]} 7. h4 {[%emt 0:00:54] B06: Modern Defence} h6 {[%emt 0:06:32]} 8. f3 {[%emt 0:14:47]} c6 {[%emt 0:07:58]} (8... Bb7 9. Nh3 Rc8 10. e5 dxe5 11. dxe5 Bxe5 12. h5 g5 13. f4 gxf4 14. Bxf4 Bd6 15. Nf2 {1-0 (35) Dubov,D (2661)-Malakhov,V (2694) Moscow 2015}) 9. g4 {[%emt 0:11:27]} Nb6 {[%emt 0:01:15]} 10. Nh3 {[%emt 0:04:13]} b4 $146 {[%emt 0:09:16]} ({Predecessor:} 10... a5 11. Nf2 a4 12. f4 Ba6 13. Nb1 Nf6 14. c3 Qb8 {1-0 (69) Hvenekilde,J (2267)-Helin,M (2066) Copenhagen 2001}) 11. Nb1 {[%emt 0:02:09]} a5 $1 {[%emt 0:11:01]} 12. a3 {[%emt 0:04:06]} Ba6 {[%emt 0:14:22]} 13. Bxa6 {[%emt 0:03:38]} ({Don't play} 13. axb4 Bxf1 14. Rhxf1 (14. Rdxf1 Nc4 $15) 14... Nc4 $11) 13... Rxa6 {[%emt 0:00:10]} 14. axb4 {[%emt 0:02:03]} Qa8 {[%emt 0:07:31]} 15. e5 {[%emt 0:19:47]} (15. Nf4 $14) 15... Nc4 {[%emt 0:05:28]} (15... axb4 $11 {remains equal.} 16. exd6 Nd5) 16. Qd3 {[%emt 0:02:45]} d5 {[%emt 0:02:32]} (16... Nxe3 $11 {and Black has nothing to worry.} 17. Qxe3 axb4) 17. e6 {[%emt 0:02:33]} axb4 {[%emt 0:02:58]} 18. exf7+ {[%emt 0:04:04]} Kxf7 {[%emt 0:00:31]} 19. b3 $11 {[%emt 0:06:30]} (19. Rhe1 $14) 19... Na3 {[%emt 0:13:35]} 20. Nxa3 {[%emt 0:00:51]} bxa3 {[%emt 0:00:08]} 21. Kb1 {[%emt 0:01:31]} a2+ {[%emt 0:01:43]} 22. Ka1 {[%emt 0:00:24]} c5 {[%emt 0:00:49]} 23. c3 {[%emt 0:00:25]} Rb6 {[%emt 0:02:18]} 24. Nf4 {[%emt 0:01:13]} c4 {[%emt 0:05:18]} 25. bxc4 {[%emt 0:00:50]} Qa3 {[%emt 0:00:11]} 26. Rh2 {[%emt 0:00:26]} Nf6 {[%emt 0:01:02]} 27. c5 {[%emt 0:06:48]} Rb1+ {[%emt 0:00:53]} 28. Rxb1 {[%emt 0:00:24]} axb1=Q+ {[%emt 0:00:10]} 29. Kxb1 {[%emt 0:00:12]} Rb8+ {[%emt 0:00:19]} 30. Kc2 {[%emt 0:00:05]} Rb2+ {[%emt 0:01:31]} 31. Kd1 {[%emt 0:00:06]} Rxh2 {[%emt 0:00:15]} 32. Qxg6+ {[%emt 0:00:28]} Kg8 {[%emt 0:00:10]} 33. Ne6 {[%emt 0:03:08]} Qb3+ {[%emt 0:00:19]} 34. Ke1 {[%emt 0:00:18]} Qxc3+ {[%emt 0:00:25]} 35. Kd1 {[%emt 0:00:04]} Qb3+ {[%emt 0:01:10]} 36. Kc1 {[%emt 0:00:17]} Qxe3+ 0-1

[Event "Top 12 FRA-chT 2017"]
[Site "Chartres"]
[Date "2017.05.23"]
[Round "6"]
[White "Frih, Ameur"]
[Black "Delorme, Axel"]
[Result "0-1"]
[WhiteElo "2225"]
[BlackElo "2514"]
[Annotator "TA"]
[PlyCount "116"]
[EventDate "2017.??.??"]
[EventType "team-tourn"]
[EventCountry "FRA"]
[SourceTitle "playchess.com"]
[Source "ChessBase"]
[SourceQuality "1"]
[WhiteTeam "Bois-Colombes"]
[BlackTeam "Clichy"]

{[%evp 12,116,-4,-27,-1,-34,9,-34,8,3,11,7,51,0,0,-10,-6,-16,27,0,33,4,22,0,14,13,20,35,44,43,42,42,52,0,0,0,0,0,43,24,37,0,9,12,14,18,17,24,19,17,21,25,25,0,0,0,0,-11,-11,-11,-10,-21,-25,-19,-10,-10,-10,-10,-10,-10,-10,-10,0,-28,0,0,0,0,0,0,0,0,0,-10,-10,-21,0,0,0,0,0,-158,-158,-158,-158,-158,-158,-158,-158,-158,-158,-158,-158,-12845,-12845,-12845,-12846]} 1. Nf3 d5 2. g3 g6 3. c4 d4 4. Bg2 Bg7 5. O-O e5 6. d3 Ne7 7. Na3 O-O {A09: Réti Opening: 1 Nf3 d5 2 c4} 8. Rb1 (8. Nc2 a5 9. b3 c5 10. a3 Nbc6 11. Rb1 Rb8 12. Nd2 f5 13. b4 b6 14. bxc5 bxc5 15. Rxb8 Nxb8 {0-1 (40) Hernandez Carmenates,H (2541)-Campora,D (2532) Madrid 2007}) 8... h6 $146 ({Predecessor:} 8... a5 9. Nc2 Na6 10. b3 c5 11. a3 Nc6 12. Bd2 Qd6 13. Qe1 Bd7 14. b4 axb4 15. axb4 Naxb4 16. Nxb4 Nxb4 17. Bxb4 cxb4 18. Qxb4 Qxb4 19. Rxb4 {1-0 (57) Augustin,J (2370)-Brychta,I Karvina 1988}) 9. Nc2 c6 {Black is slightly better.} 10. b4 Be6 11. Nd2 Qc7 12. Nb3 (12. f4 $14) 12... Nd7 $11 13. a4 {[%cal Ba2a4,Ba4a5][%mdl 32]} Rad8 14. Bd2 Kh7 15. a5 a6 16. e3 dxe3 17. fxe3 e4 18. Bxe4 Nf6 19. Ncd4 Bxc4 20. Bxg6+ $1 fxg6 21. dxc4 Qe5 $1 22. Qe2 ({White should play} 22. Rf4 $14) 22... Ne4 23. Rxf8 Rxf8 24. Rf1 Rd8 25. Be1 {[%cal Bd2e1,Be1f2,Bf2d4][%mdl 32]} Nc8 26. Qg4 Ng5 27. h4 Qxe3+ 28. Bf2 Qe4 29. Qxe4 Nxe4 30. Ne6 Re8 31. Nxg7 Kxg7 32. Bd4+ Kg8 33. Kg2 Ncd6 34. Re1 Nxc4 35. Nc5 Ncd6 36. Be3 Nxc5 37. bxc5 {[%mdl 4096] Endgame KRB-KRN} Nf5 (37... Nc4 $5 {[%cal Re8e3]} 38. Bd2 Rxe1 39. Bxe1 Ne5 $17) 38. Bf2 Rxe1 39. Bxe1 {KB-KN} Nd4 40. Bc3 Ne6 {Hoping for ...Kf7.} 41. Bb4 $1 Nd4 42. Bc3 Nf5 43. Kf3 Kf7 44. Be5 Ke6 45. Ke4 h5 46. Bf4 Ne7 47. Bd6 Nd5 {aiming for ...b5.} 48. Be5 $1 Nf6+ (48... Ne3 $5) 49. Bxf6 Kxf6 {KP-KP} 50. Kf4 {[#]} g5+ $1 {[%mdl 512]} 51. Ke4 $2 ({Only move:} 51. hxg5+ $11 Kg6 52. Kf3 Kxg5 53. Kf2) 51... gxh4 $1 $17 52. gxh4 {Threatens to win with Kf4.} Ke6 53. Kf4 {And now Kg5 would win.} Kd5 54. Kg5 Kxc5 55. Kxh5 Kb4 $1 56. Kg4 {[#]} c5 $1 {[%cal Bc6c5,Bc5c4][%mdl 32]} ({Don't blunder} 56... Kxa5 $2 57. h5 $18) 57. Kf3 $2 {[#]} (57. h5 $17 c4 58. h6) 57... c4 $1 $19 {[%cal Rc4c3]} 58. Ke2 Kb3 {Precision: White = 57%, Black = 46%.} ({Wrong is} 58... Kxa5 $2 59. h5 $18) 0-1

[Event "Top 12 FRA-chT 2017"]
[Site "Chartres"]
[Date "2017.05.23"]
[Round "6"]
[White "Cappon, John"]
[Black "Pelletier, Yannick"]
[Result "0-1"]
[WhiteElo "2197"]
[BlackElo "2543"]
[Annotator "TA"]
[PlyCount "70"]
[EventDate "2017.??.??"]
[EventType "team-tourn"]
[EventCountry "FRA"]
[SourceTitle "playchess.com"]
[Source "ChessBase"]
[SourceQuality "1"]
[WhiteTeam "Saint Quentin"]
[BlackTeam "Bischwiller"]

{[%evp 10,70,0,0,14,3,11,8,9,13,0,0,18,9,4,6,21,0,0,0,0,0,13,26,41,7,21,20,20,27,26,21,26,-90,-57,-175,-92,-162,-122,-198,-184,-190,-160,-238,-220,-232,-210,-219,-207,-244,-227,-322,-307,-398,-397,-406,-407,-465,-358,-549,-514,-555,-547]} 1. e4 {[%cal Be2e4,Be4e5][%mdl 32]} e6 2. d4 d5 3. Nc3 Nf6 4. e5 Nfd7 5. f4 c5 6. Nf3 Be7 {C11: French: Classical System: 4 e5 and 4 Bg5 dxe4} (6... Nc6 7. Be3 Be7 8. Qd2 a6 9. a3 O-O 10. Be2 b6 11. Nd1 f6 12. c3 a5 13. O-O Ba6 14. Bxa6 Rxa6 15. exf6 Nxf6 16. Nf2 Bd6 {½-½ (46) Jakovenko,D (2718)-Korobov,A (2695) Poikovsky 2017}) 7. Be3 b6 8. Qd2 Nc6 {The position is equal.} 9. a3 O-O 10. Bb5 Qc7 11. h4 $146 {[%cal Bh2h4,Bh4h5][%mdl 32]} ({Predecessor:} 11. O-O Bb7 12. Rae1 Rad8 13. Kh1 cxd4 14. Nxd4 Nxd4 15. Bxd4 Nc5 16. b4 Ne4 17. Nxe4 dxe4 {0-1 (51) Felsberger,A (2358)-Hoelzl,F (2331) Austria 2013}) 11... cxd4 12. Nxd4 Bb7 13. Bxc6 Bxc6 14. h5 b5 15. O-O b4 16. axb4 Bxb4 17. Qf2 Bxc3 18. bxc3 Nc5 $1 19. f5 ({Reject} 19. Nxc6 Ne4 $17) 19... Ne4 20. Qf4 Bd7 21. Ne2 (21. c4 $11) 21... exf5 {[#] aiming for ...Bb5.} 22. Bd4 (22. e6 $1 $15 Qxf4 23. exf7+ Rxf7 24. Nxf4) 22... Be6 $36 {[%mdl 2048] Black is in control.} (22... Bb5 $19 23. Rfe1 Bxe2 24. Rxe2 Rfe8) 23. Qe3 (23. h6 $17) 23... a6 {[%cal Ba7a6,Ba6a5][%mdl 32]} 24. Ra3 (24. h6 $17 {keeps fighting.}) 24... Rfb8 $19 25. Rfa1 a5 26. Nf4 (26. h6 $17) 26... h6 27. Nd3 Rb5 28. Nf2 Qb7 29. Kh2 Qe7 30. Nxe4 (30. c4 {is a better defense.} Rb4 31. c3 Rxc4 32. Rxa5 Rxa5 33. Rxa5) 30... dxe4 ({Don't take} 30... fxe4 31. Kg3 $19) 31. Qf4 {[#]} Rb1 $1 {[%mdl 512]} 32. Rxb1 {Threatens to win with Rba1.} Qxa3 33. Rb7 Qa2 34. Qg3 (34. Qc1 $142) 34... Qc4 35. Rb3 Qe2 {Precision: White = 24%, Black = 62%.} 0-1